| 000 | 00917nam a2200241Ia 4500 | ||
|---|---|---|---|
| 003 | GCL | ||
| 005 | 20240530103404.0 | ||
| 008 | 140319s9999 xx 000 0 ara d | ||
| 040 |
_aGCL / _cGCL |
||
| 082 | 0 | 4 |
_a410 _bس م |
| 100 | 1 | _aمحمد احمد جاد المولى | |
| 245 | 1 | 0 |
_aالمزهر فى علوم اللغة وانواعها / _cمحمد احمد جاد المولى |
| 250 | _a3 | ||
| 260 |
_aالقاهرة : _bمكتبة دار التراث |
||
| 300 |
_a2 مج ؛ _c24 سم. |
||
| 650 | 0 | 4 | _aاللغة العربية |
| 650 | 0 | 4 | _aاللغة العربية - الالفاظ |
| 650 | 0 | 4 | _aاللغة العربية - اخطاء |
| 700 | 1 | _aمحمد ابوالفضل ابراهيم | |
| 700 | 1 | _aعلى محمد البجاوى | |
| 700 | 1 | _aالسيوطى : جلال الدين ابوالفضل عبدالرحمن بن ابى بكر بن محمد الخضيرى | |
| 942 |
_2ddc _cBK |
||
| 999 |
_c39007 _d39007 |
||